00378nam a2200133Ia 4500100003000000942000700030654002000037245002000057260003200077300000800109546001200117999001700129952009800146 aTheroux/F.R./ Smith/L.A.  cBK aPlane Surveying aPlane Surveying bPitman Pub.aNew Yorkc1953 a407 aENGLISH c22945d22945 001040708AFTaCRCEbCRCEc1522 | 51d2023-03-17l0o pAFT6732r2023-03-17w2023-03-17yBK